| 000 | 01636nam1a2200397 4500 | ||
|---|---|---|---|
| 001 | RU\NLR\BIBL_A\012778929 | ||
| 005 | 20260406090114.0 | ||
| 035 | _a(NLR Aleph) 012778929 | ||
| 090 |
_a13116873 _c13116873 |
||
| 100 | _a20220504g20219999u y0rusy50 ca | ||
| 101 | 1 |
_arus _cund |
|
| 102 | _aRU | ||
| 105 | _a| t ||||| | ||
| 181 | 0 |
_ab2 _bab2e |
|
| 181 | 0 |
_ai1 _bab2e |
|
| 182 | 0 | _an | |
| 200 | 1 |
_aУдивительный Человек-паук _eсборник комиксов _fСтэн Ли, Стив Дитко _gперевод: Кирилл Кутузов и Алексей Волков |
|
| 203 |
_aИзображение _aТекст _bвизуальные _cнепосредственные |
||
| 210 |
_aМосква _cЭксмо _d2021 |
||
| 215 | _d25 | ||
| 225 | 1 | _aКлассика Marvel | |
| 300 | _aЗагл. в макете: Классика Marvel. Удивительный Человек-паук | ||
| 300 | _aНа обл. авт. не указаны | ||
| 333 | _a16+ | ||
| 517 | 1 | _aКлассика Marvel. Удивительный Человек-паук | |
| 686 | 1 | _aШ6(7США)67-440.4комикс{Лх1979-50комикс} | |
| 686 | 0 | _aЩ153(7США)65-475 | |
| 700 | 1 |
_8rus _7ca _aЛи _bС. _f1922-2018 _gСтэн _3RU\NLR\AUTH\7756928 _939860 |
|
| 701 | 1 |
_8rus _7ca _aДитко _bС. _f1927- _gСтив _3RU\NLR\AUTH\7756930 _939862 |
|
| 712 | 0 | 2 |
_4570 _7ba _7ca _aMarvel comics, компания _cСША _9539066 _3RU\NLR\AUTH\880437417 |
| 852 |
_aNLR _j2022-7/3318 |
||
| 942 | _cBOOK | ||